| 000 | 00531nam a22001937a 4500 | ||
|---|---|---|---|
| 003 | KOHA_MİRAKIL | ||
| 005 | 20250929093147.0 | ||
| 008 | 250929b tu ||||| |||| 00| 0 tur d | ||
| 020 | _a9786052495575 | ||
| 040 |
_aTR-AnABB _btur _cTR-AnABB |
||
| 041 | _atur | ||
| 082 |
_a891.734 _bGOR 2019 |
||
| 100 | 1 | _aGorki, Maksim, | |
| 245 | 1 | 0 |
_aBenim üniversitelerim / _cMaksim Gorki |
| 260 |
_aAnkara : _bDorlion Yayınları, _c2019 |
||
| 300 |
_a172 sayfa ; _c21 cm |
||
| 650 | 0 | 4 | _aRus edebiyatı, roman |
| 942 |
_2ddc _cBK |
||
| 999 |
_c8949 _d8949 |
||
| 900 | _bGizem YORULMAZ | ||